|
|
|
|
| LEADER |
00000cam a2200000 7i4500 |
| 001 |
0000017214 |
| 005 |
20080520.0 |
| 008 |
080513 |
| 020 |
|
|
|a 9832179300
|
| 090 |
0 |
0 |
|a 158.1
|b KUA
|
| 245 |
1 |
0 |
|a Rahsia kejayaan = secret of success :
|b hanya 10 minit sehari = only 10 minutes a day
|c Mohd Najib Iskandar
|
| 260 |
|
|
|a Kuala Lumpur :
|b Berlian Publications ,
|c 2003
|
| 650 |
|
0 |
|a Achievement motivation
|
| 650 |
|
0 |
|a Self - efficacy
|
| 650 |
|
0 |
|a Success - quatations mazims , etc
|
| 700 |
1 |
|
|a Mohd Najib Iskandar
|
| 999 |
|
|
|a 0001017189
|b Book
|c Adult Collection
|e Perbadanan Perpustakaan Awam Johor
|
| 999 |
|
|
|a 0001017190
|b Book
|c Adult Collection
|e Perbadanan Perpustakaan Awam Johor
|